| 000 | 00631nam a2200217Ia 4500 | ||
|---|---|---|---|
| 003 | IN-BaIIA | ||
| 008 | 211028s9999 xx 000 0 eng d | ||
| 020 | _a81-291-0052-5 | ||
| 040 | _cIIA Library | ||
| 080 |
_a330(035) _bBAB |
||
| 245 | 0 |
_aINDIA - 2003 _bobserver statistical handbook _cedited by S. D. Babu |
|
| 260 |
_aNew Delhi _bRupa Publications _c2003 |
||
| 300 | _a[various pagings.] | ||
| 650 |
_aAgriculture _927119 |
||
| 650 |
_aBudget Statistics _927120 |
||
| 650 |
_aForeign Trade _911075 |
||
| 650 |
_aNational Income _927121 |
||
| 650 |
_aPopulation _927122 |
||
| 700 |
_aBabu, S. D., ed. _927123 |
||
| 942 | _cBK | ||
| 999 |
_c14977 _d14977 |
||